Anuario y estatutos de la Sociedad Artístico-Musical de Socorros Mutuos autorizada por el Gobierno en real orden de 1º de octubre de 1858 y constituida legalmente en 24 de junio de 1860. (Record no. 165461)

MARC details
000 -LEADER
campo de control de longitud fija 01093nam a2200217 i 4500
001 - NÚMERO DE CONTROL
campo de control 165461
003 - IDENTIFICADOR DE NÚMERO DE CONTROL
campo de control ES-MaACL
005 - FECHA Y HORA DE LA ÚLTIMA TRANSACCIÓN
campo de control 20250902110214.0
008 - DATOS DE LONGITUD FIJA--INFORMACIÓN GENERAL
campo de control de longitud fija 040728s1883 sp |||| | spa d
040 ## - FUENTE DE CATALOGACIÓN
Centro catalogador/agencia de origen CAM
Lengua de catalogación spa
Centro/agencia transcriptor CAM
110 2# - ENTRADA PRINCIPAL--NOMBRE DE ENTIDAD CORPORATIVA
Nombre de entidad corporativa o nombre de jurisdicción como elemento de entrada Sociedad Artístico-Musical de Socorros Mutuos
9 (RLIN) 6640
245 10 - MENCIÓN DEL TÍTULO
Título Anuario y estatutos de la Sociedad Artístico-Musical de Socorros Mutuos autorizada por el Gobierno en real orden de 1º de octubre de 1858 y constituida legalmente en 24 de junio de 1860.
260 ## - PUBLICACIÓN, DISTRIBUCIÓN, ETC.
Lugar de publicación, distribución, etc. Madrid :
Nombre del editor, distribuidor, etc. [s.n.],
Fecha de publicación, distribución, etc. 1883 (
Fabricante Imp. de La Correspondencia de España])
300 ## - DESCRIPCIÓN FÍSICA
Extensión XI, 31 p. ;
Dimensiones 20 cm.
505 8# - NOTA DE CONTENIDO CON FORMATO
Nota de contenido con formato Contiene: Junta general celebrada en el Salón de la Escuela Nacional de Música el día 6 de mayo de 1883
530 ## - NOTA DISPONIBLE DE FORMULARIO FÍSICO ADICIONAL
Nota de formato físico adicional disponible Disponible en formato digital.
610 24 - PUNTO DE ACCESO ADICIONAL DE MATERIA--NOMBRE DE ENTIDAD CORPORATIVA
Nombre de entidad corporativa o nombre de jurisdicción como elemento de entrada Sociedad Artístico-Musical de Socorros Mutuos
9 (RLIN) 6640
852 4# - LOCALIZACIÓN
Ubicación ES-MaACL
Número de control de estantería T-366-F-15
Nota libre - Enc. hol.
-- - Enc. en un vol. facticio
-- Ejemp. falto de portada
856 4# - LOCALIZACIÓN Y ACCESO ELECTRÓNICOS
Identificador Uniforme de Recursos <a href="http://bdh-rd.bne.es/viewer.vm?id=0000159165&page=1 ">http://bdh-rd.bne.es/viewer.vm?id=0000159165&page=1 </a>
Nota pública Biblioteca Digital Hispánica
Holdings
Estatus retirado Estado de pérdida Estado de daño No para préstamo Colección Biblioteca de origen Biblioteca actual Ubicación en estantería Fecha de adquisición Total de préstamos Signatura topográfica completa Código de barras Visto por última vez Precio de reemplazo Tipo de ítem Koha
        Colección de folletos Biblioteca del Ateneo de Madrid Biblioteca del Ateneo de Madrid Depósito folletos 17/01/2008   T-366-F-15 1173506 23/02/2023 23/02/2023 Folleto